000
00223nam a22000857a 4500
008
161028b xxu||||| |||| 00| 0 eng d
100
_9
972
_a
Doyle.S.A.
245
_a
Sherlock Holmes
260
_a
London
_b
Three Ess Publications
_c
2006
999
_c
3631
_d
3631